000 01111nam0a22003011 4500
001 v19\rc\1665517
005 20061002140639.5
035 _a(NLR Aleph) 004774107
090 _a4642991
_c4642990
100 _a20061002d1892 |||y0rusy50 ca
101 0 _arus
102 _aRU
105 _ay z |||||
200 1 _aХолера
_eПредохранительные меры против холеры в домах и семьях
_f[Соч.] Д-ра Влад. Гольмстена
_gС предисл. проф. Н.Ф. Здекауэра
205 _a2-е изд.
210 _aСанкт-Петербург
_cтип. А. Якобсона
_d1892
215 _aVI, 143 с.
_d22
700 1 _aГольмстен
_bВ. Х.
_f1847-
_gВладимир Христианович
702 1 _aЗдекауэр
_bН. Ф.
_f1815-1898
_gНиколай Федорович
_4080
801 0 _aRU
_bNLR
_gpsbo
801 0 _aRU
_bRuMoRGB
_2psbo
801 1 _aRU
_bProSoft-M
_2rusmarc
852 _aNLR
_j18.290.1.14
899 _aRuMoRGB
_jT 12/171
899 _aRuMoRGB
_jT 58/290
899 _aБАН
942 _cBOOK
980 _aNB